000 00600nam a2200229Ia 4500
003 OSt
005 20221005123628.0
006 a|||||r|||| 00| 0
007 ta
008 221004b |||||||| |||| 00| 0 eng d
024 _a57738
037 _cTextual
040 _aCRL
_cCRL
_beng
041 _2eng
_aeng
082 _aT:395, J3
100 _aMacmillans
_9633926
245 0 _aMacmillan's class pictures for infants
_b Reference book complete pictures 1-395
260 _c1953
650 _aEDUCATION
942 _hT:395, J3
_cTEXL
_2cc
999 _c1047966
_d1047966